MDQL
is popping MORE tags! Check the
thread
!
Quizzes
Events
Quiz Creation
Community
Videos
Private Events
Remove Ads
Sign In
Join for FREE
Feedback
Dark Mode
Quiz Categories
Sports
Geography
Music
Movies
Television
Just For Fun
Miscellaneous
History
Literature
Language
Science
Gaming
Entertainment
Religion
Holiday
For Kids
Quiz Lab
Recent
Popular Today
Quiz Kudos Today
Editor Picks
Curator Picks
Quizzes by...
Day
Popularity
Type
Ratings
Length
Year
Community
Subscriptions
Recent Discussions
Orange Saloon
Badges
Playlists
Quests
Create
Leaderboards
Showdown
Live 5
Trivia Bingo
Activity
Puzzle Library
Sporcle Events
Private Events
Virtual Trivia
Globe League
Become a Host
Pub Owners
SporcleCon
Opinionation
Our Games
Videos
Blog
Mobile Apps
Partnerships
Remove Ads and Go Orange
Feedback
Movies
Disney
Marvel Cinematic Universe
Movie Resume
Movie Titles
Oscar
Actor
Actress
Director
Pixar
Role
Movie Quotes
Movie Characters
Box Office
Nominee
Best Picture
Star Wars
James Bond
Horror Movies
Movies
Disney
Marvel Cinematic Universe
Movie Resume
Movie Titles
Oscar
Actor
Actress
Director
Pixar
Role
Movie Quotes
Movie Characters
Box Office
Nominee
Best Picture
Star Wars
James Bond
Horror Movies
Random Quiz
Search Sporcle
×
Quiz Lab
Quiz Lab
Movies
Oscar
Type in answers that appear in a list
Type in answers that appear in a list
Classic
Best Score? Go Orange.
Academy Awards Trivia Stats
Can you name the answers for the following Academy Awards Trivia (as of 2009)?
By
Drebin31
7m
30 Questions
649 Plays
649 Plays
649 Plays
Comments
Comments
Give Quiz Kudos
Give Quiz Kudos
-
- Ratings
hide this ad
Replay
Link that replays current quiz
Next Quiz
Link to next quiz in quiz playlist
You Got
0%
They Got
Avg Score
56%
Avg Friend Score
Upgrade to see
Score Distribution
Jump to the score distribution portion of the page
Score
0/30
Timer
07:00
0
Plays Today
Clue
Answer
% Correct
Has the most nominations in an acting category (Actor, Actress, Supporting Actor, Supporting Actress)
Meryl Streep
84.9%
(see above)
Titanic
83.5%
(see above)
The Lord of the Rings
83.1%
Has won the most Best Actress awards
Katharine Hepburn
79.7%
The following 2 actors are tied for most awards by a male actor (Best Actor, Best Supporting Actor)
Jack Nicholson
74.7%
The following trilogies are the only 2 trilogies in which all 3 of its films were nominated for Best Picture
The Godfather
73.5%
(see above)
Marlon Brando
72.9%
Youngest person to win an award in an acting category (Actor, Actress, Supporting Actor, Supporting Actress)
Tatum O'Neal
69.3%
(see above)
Heath Ledger
68.3%
The following 3 films have won 11 Oscars, the most all-
time
Ben-Hur
66.3%
Hosted the Academy Awards ceremony the most times
Bob Hope
63.6%
(see above)
Unforgiven
62.1%
(see above)
The Silence of the Lambs
59.9%
Has won the most awards
Walt Disney
58.9%
(see above)
One Flew Over the Cuckoo's Nest
55.2%
Clue
Answer
% Correct
The following 2 actors are the only people to win an award in an acting category posthumously
Peter Finch
53.8%
Oldest person to win an award in an acting category (Actor, Actress, Supporting Actor, Supporting Actress)
Jessica Tandy
52.9%
The following 3 films have won all 5 major awards (Picture, Director, Actor, Actress, Screenplay)
It Happened One Night
52.5%
Has won most Best Director awards
John Ford
49.6%
(see above)
The Lord of the Rings: The Return of the King
47.9%
(see above)
George C. Scott
47.3%
(see above)
The Color Purple
46.7%
Only American woman to be nominated for Best Director
Sofia Coppola
44.1%
The following 3 people are the only people who have openly refused to accept an award
Dudley Nichols
43.5%
Received the longest standing ovation
Charlie Chaplin
39.9%
Oldest person to win Best Director
Clint Eastwood
37.9%
(see above)
Walter Brennan
32.5%
The following 3 movies are the only Westerns to win Best Picture
Cimarron
32.4%
(see above)
Dances with Wolves
29.1%
The following 2 films were nominated for 11 Oscars but won 0, the biggest shut-
out
The Turning Point
27.6%
Quiz Playlist
Details
Report
Send in Message
Add To Playlist
Classic:
Type in answers that appear in a list
Last Updated: Feb 16, 2017
Quiz Scoreboard
CHALLENGE
Sign Up to Join the Scoreboard
Show All
Scores
Hide
Comments
May contain spoilers
Recently Published
Find the 'City' Movie
by crazypaving
Movies
60s
5x2 Blitz: Bands
by SL_Kpop136
Music
30s
Colored Red Africa Blitz
by spor1
Geography
30s
More to Explore
Quiz From the Vault
Featured Blog Post
14 Easter Pick-up Lines to Find Eggs With
hide this ad
You Might Also Like...
Tags
Oscar Quiz
2009
Academy
Award
Extra
Today's Top Quizzes in Movies
Browse Movies
hide this ad
Today's Top Quizzes in Oscar
Browse Oscar
Top Contributed Quizzes in Movies
1
Find The 'Big' Movie
2
Find The 'Wild' Movie
3
Find The 'Blue' Movie
4
Movies By Plot
5
Hidden Star Wars Character II
6
Pick 5 Posters: Directed by Spielberg
7
Hidden Star Wars Character III
8
The ultimate James Bond movie quiz
9
Hidden Star Wars Character IV
10
25 Best Actor Nominees (1990s)
Explore More
Trending Topics
Anime
Crossword
Kpop
Marvel
Harry Potter
NBA
Disney
Country
Pokémon
NFL
The Office
Song
Puzzle
Soccer
WWE
hide this ad
More By:
Drebin31
Quiz
Plays
Rating
Category
Featured
Created
Mixed Word: Beatles Songs
47,592
4.24
Just For Fun
Dec 11, 2009
Surviving Rock Band Members
1,171
4.60
Music
Aug 18, 2010
Academy Awards Trivia
649
3.14
Movies
Nov 10, 2009
Most SNL Appearances
335
4.50
Television
Oct 26, 2009
Go to Creator's Profile
Score Distribution
Quiz Creator Spotlight
Drebin31
Follow
Send a Message
Quizzes Created
-
Created Quiz Play Count
-
More By This Creator
Popular Quizzes Today
1
Colored Red Africa Blitz
2
Find the 'City' Movie
3
Find the US States - No Outlines Minefield
4
5x2 Blitz: Bands
5
The Countries of the World
6
Find the US States
7
US States
8
Find the Countries of Europe - No Outlines Minefield
More Movies Quizzes
What Movie? Back to the Camera V
Published
Trending Quizzes
Colored Red Europe Blitz I
Colored Red Europe Blitz II
Colored Red Africa Blitz II
Colored Red Europe Blitz III
Colored Red Africa Blitz III
Recently Updated
How Do You Spell That?
pecheneg
Godzilla Movies
pecheneg
Grab Bag: 4-10 Letters
pecheneg
2024 March Madness Bracket
pecheneg
Famous TV Couples
Peacemaker
Champions League XIs: Real Madrid
pecheneg
Largest US Cities 1790-2010
pecheneg
Rides in Walt Disney World
pecheneg
Most Oscar Losses (Acting)
pecheneg
Beyoncé Albums
pecheneg
Trending Topics
Harry Potter
NBA
Crossword
Anime
Disney
Kpop
Marvel
Soccer
Pokémon
NFL
Puzzle
WWE
Country
Song
The Office
Your Account Isn't Verified!
In order to create a playlist on Sporcle, you need to verify the email address you used during registration. Go to your
Sporcle Settings
to finish the process.
Report this User
Report this user for behavior that violates our
Community Guidelines
.
Details:
Send Report
Go to the Sporcle.com Mobile Site →
Comments